000 00356nam a2200157Ia 4500
001 10428
003 GE_BSU
008 181216s||||||||xx |||||||||||||| ||und||
040 _cGE_BSU
245 4 _aThe Economist, June 21st-27TH 2014.
245 _bvolume 411 number 8892
260 _c2014
300 _a86p.27cm.
653 _aThe Economist
942 _cCR
999 _c43688
_d43688